ՀՀ Գիտությունների ազգային ակադեմիայի հիմնարար գիտական գրադարան  =   Fundamental Scientific Library of NAS RA

Пойдем танцевать, Виолина : (Record no. 296755)

MARC details
000 -LEADER
fixed length control field 00951nam a2200229 u 4500
001 - CONTROL NUMBER
control field 000821599
003 - CONTROL NUMBER IDENTIFIER
control field AM-YeHGA
005 - DATE AND TIME OF LATEST TRANSACTION
control field 20250617144557.0
008 - FIXED-LENGTH DATA ELEMENTS--GENERAL INFORMATION
fixed length control field 110707s1973 ||| r 000 0 rus d
040 ## - CATALOGING SOURCE
Original cataloging agency AM-YeHGA
041 1# - LANGUAGE CODE
Language code of text/sound track or separate title rus
Language code of original fre
090 ## - LOCALLY ASSIGNED LC-TYPE CALL NUMBER (OCLC); LOCAL CALL NUMBER (RLIN)
-- 298447
100 1# - MAIN ENTRY--PERSONAL NAME
Personal name Стиль, Андре
245 10 - TITLE STATEMENT
Title Пойдем танцевать, Виолина :
Remainder of title Роман : Перевод с французского /
Statement of responsibility, etc. А. Стиль; Перев. Л. Померанцевой; Послесл. Т. Балашовой; Рис. А. Яковлева.
246 15 - VARYING FORM OF TITLE
Title proper/short title Viens danser, Violin
260 ## - PUBLICATION, DISTRIBUTION, ETC.
Place of publication, distribution, etc. Москва :
Name of publisher, distributor, etc. Профиздат,
Date of publication, distribution, etc. 1973.
300 ## - PHYSICAL DESCRIPTION
Extent 191 стр. :
Other physical details илл. ;
Dimensions 21 см.
650 14 - SUBJECT ADDED ENTRY--TOPICAL TERM
Topical term or geographic name entry element Французская литература
General subdivision Роман
700 1# - ADDED ENTRY--PERSONAL NAME
Personal name Померанцева, Л.
Relator term перев.
Relationship trl
700 1# - ADDED ENTRY--PERSONAL NAME
Personal name Балашова, Т.
Relator term авт. послесл.
Relationship aft
700 1# - ADDED ENTRY--PERSONAL NAME
Personal name Яковлев, А.
Relator term худож.
Relationship art
Holdings
Withdrawn status Lost status Damaged status Not for loan Collection Home library Current library Date acquired Total checkouts Full call number Barcode Date last seen Price effective from Koha item type Public note
        General Fundamental Scientific Library Fundamental Scientific Library 29/12/2016   PII/306373 FL0198865 29/12/2016 29/12/2016 Գրքեր / Books 30 Days Loan


ՀՀ ԳԱԱ հիմնարար գիտական գրադարան
ՀՀ,Երևան 0019
Մարշալ Բաղրամյան 24/6
հեռախոս:(374-10) 52-47-50
Հետադարձ կապ

All site content, except where otherwise noted, is licensed under a
Creative Commons License